| 000 | 00827nam a2200277 4500 | ||
|---|---|---|---|
| 001 | 32845 | ||
| 003 | AR-RoBPED | ||
| 005 | 20260611125822.0 | ||
| 008 | 260610e2023 ag a|||ar|||| 00| 1 spa d | ||
| 020 | _a9786310002408 | ||
| 040 | _aAR-RoBPED | ||
| 041 | _aspa | ||
| 100 | 1 |
_aDedé, María Laura, _d1970- _925773 |
|
| 245 | 1 |
_aBusca gato / _cMaria Laura Dedé; ilustraciones de Pupé |
|
| 260 |
_aBuenos Aires: _bBetygino, _c2023. |
||
| 300 |
_as.p. _bil. cartoné |
||
| 490 | 0 | _a(A buscar, a buscar) | |
| 650 | 4 |
_aLITERATURA INFANTIL _9168 |
|
| 650 | 4 |
_aLITERATURA ARGENTINA _915616 |
|
| 650 | 4 |
_aBEBETECA _927081 |
|
| 653 | _aBARRIO | ||
| 653 | _aCOMERCIOS | ||
| 700 |
_aPupé, seud. _931029 _eil. |
||
| 942 |
_2udc _ak. 32845 _cBK _h860(82)-3 _kBB _mD 52 _pinv. 42531 |
||
| 999 |
_c32845 _d32845 |
||